000 00677nam a22002291a 4500
001 31963
003 BD-RjUL
005 20211209051755.0
008 140423s1957 enk 00010 eng d
035 _a(BD-RjUL)32052
040 _aBD-RjUL
_beng
_cBD-RjUL
041 _aeng
082 _a297
_bARR 1957
100 1 _aArberry, A. J.
_q(Arthur John),
_d1905-1969.
_95438
245 1 0 _aRevelation and reason in Islam /
_cA.J. Arberry.
260 _aLondon :
_bAllen & Unwin,
_c1957.
300 _a122 p. ;
_c21 cm.
500 _aText of the Forwood lectures, University of Liverpool, 1956.
650 0 _aRevelation (Islam)
_997312
650 0 _aIslam.
_997313
942 _2ddc
_cBK
999 _c31963
_d31963